Pakistan's foreign policy,1947- 2009 (Record no. 16277)

000 -LEADER
fixed length control field 00449nam a22001577a 4500
020 ## - INTERNATIONAL STANDARD BOOK NUMBER
International Standard Book Number 9780199060238
040 ## - CATALOGING SOURCE
Original cataloging agency 0
082 ## - DEWEY DECIMAL CLASSIFICATION NUMBER
Classification number 327.5491
Author Mark SAT 2010
100 ## - MAIN ENTRY--PERSONAL NAME
Personal name Sattar, Abdul
9 (RLIN) 95573
245 ## - TITLE STATEMENT
Title Pakistan's foreign policy,1947- 2009
Remainder of title a concise history
Statement of responsibility, etc. Abdul Sattar
250 ## - EDITION STATEMENT
Edition statement 2nd
260 ## - PUBLICATION, DISTRIBUTION, ETC.
Place of publication, distribution, etc. Karachi
Name of publisher, distributor, etc. Oxford University Press
Date of publication, distribution, etc. 2010
300 ## - PHYSICAL DESCRIPTION
Extent xiv,386p;
Other physical details ill;
Dimensions 24 cm
650 ## - SUBJECT ADDED ENTRY--TOPICAL TERM
Topical term or geographic name entry element Pakistan's Foreign policy
9 (RLIN) 95574
942 ## - ADDED ENTRY ELEMENTS (KOHA)
Source of classification or shelving scheme
Koha item type Book
Holdings
Withdrawn status Lost status Damaged status Not for loan Collection code Permanent Location Current Location Shelving location Date acquired Total Checkouts Full call number Barcode Date last seen Price effective from Koha item type
          Centre for International Peace & Stability (CIPS) Centre for International Peace & Stability (CIPS) General Stacks 03/15/2016   327.5491 SAT 2010 CIPS0002798 03/15/2016 03/15/2016 Book
© 2023 Central Library, National University of Sciences and Technology. All Rights Reserved.